Human resource management / (Record no. 255811)
[ view plain ]
| 000 -LEADER | |
|---|---|
| fixed length control field | 01104cam a22003254a 4500 |
| 001 - CONTROL NUMBER | |
| control field | 14813711 |
| 003 - CONTROL NUMBER IDENTIFIER | |
| control field | OSt |
| 005 - DATE AND TIME OF LATEST TRANSACTION | |
| control field | 20170227141945.0 |
| 008 - FIXED-LENGTH DATA ELEMENTS--GENERAL INFORMATION | |
| fixed length control field | 070419s2008 maua b 001 0 eng |
| 010 ## - LIBRARY OF CONGRESS CONTROL NUMBER | |
| LC control number | 2007927195 |
| 020 ## - INTERNATIONAL STANDARD BOOK NUMBER | |
| International Standard Book Number | 9780618794195 (student ed.) |
| International Standard Book Number | 0618794190 (student ed.) |
| International Standard Book Number | 9780618833580 (exam copy) |
| International Standard Book Number | 0618833587 (exam copy) |
| 040 ## - CATALOGING SOURCE | |
| Original cataloging agency | DLC |
| Transcribing agency | DLC |
| Modifying agency | DLC |
| 050 00 - LIBRARY OF CONGRESS CALL NUMBER | |
| Classification number | HF5549 |
| Item number | .D4364 2008 |
| 082 00 - DEWEY DECIMAL CLASSIFICATION NUMBER | |
| Classification number | 658.3 |
| Edition number | 22 |
| 100 1# - MAIN ENTRY--PERSONAL NAME | |
| Personal name | DeNisi, Angelo. |
| 245 10 - TITLE STATEMENT | |
| Title | Human resource management / |
| Statement of responsibility, etc | Angelo W. DeNisi, Ricky W. Griffin. |
| 250 ## - EDITION STATEMENT | |
| Edition statement | Ed. 3. |
| 260 ## - PUBLICATION, DISTRIBUTION, ETC. (IMPRINT) | |
| Place of publication, distribution, etc | Boston : |
| Name of publisher, distributor, etc | Houghton Mifflin Co., |
| Date of publication, distribution, etc | c2008. |
| 300 ## - PHYSICAL DESCRIPTION | |
| Extent | xxvi, 550 p. : |
| Other physical details | ill. (some col.) ; |
| Dimensions | 27 cm. |
| 504 ## - BIBLIOGRAPHY, ETC. NOTE | |
| Bibliography, etc | Includes bibliographical references (p. 506-523) and indexes. |
| 650 #0 - SUBJECT ADDED ENTRY--TOPICAL TERM | |
| Topical term or geographic name as entry element | Personnel management. |
| 700 1# - ADDED ENTRY--PERSONAL NAME | |
| Personal name | Griffin, Ricky W. |
| 856 41 - ELECTRONIC LOCATION AND ACCESS | |
| Materials specified | Table of contents only |
| Uniform Resource Identifier | <a href="http://www.loc.gov/catdir/toc/fy0805/2007927195.html">http://www.loc.gov/catdir/toc/fy0805/2007927195.html</a> |
| 906 ## - LOCAL DATA ELEMENT F, LDF (RLIN) | |
| a | 7 |
| b | cbc |
| c | orignew |
| d | 2 |
| e | epcn |
| f | 20 |
| g | y-gencatlg |
| 942 ## - ADDED ENTRY ELEMENTS (KOHA) | |
| Source of classification or shelving scheme | Library of Congress Classification |
| Koha item type | Long Loan Books |
| Withdrawn status | Lost status | Source of classification or shelving scheme | Damaged status | Not for loan | Collection code | Home library | Current library | Shelving location | Date acquired | Total Checkouts | Full call number | Date last seen | Price effective from | Koha item type | Barcode |
|---|---|---|---|---|---|---|---|---|---|---|---|---|---|---|---|
| Library of Congress Classification | Non-fiction | Rongo University Library | Rongo Town Campus Library | General Stacks | 06/03/2017 | HF5549 .D4364 2008 | 21/06/2018 | 06/03/2017 | Long Loan Books | 201614730 | |||||
| Library of Congress Classification | Non-fiction | Rongo University Library | Rongo University Library | General Stacks | 27/02/2017 | HF5549 .D4364 2008 | 27/02/2017 | 27/02/2017 | Long Loan Books | ||||||
| Library of Congress Classification | Non-fiction | Rongo University Library | Rongo University Library | General Stacks | 07/03/2017 | HF5549 .D4364 2008 | 07/03/2017 | 07/03/2017 | Long Loan Books | 201616111 |
